Logika pre každého

Na minha lista:
Detalhes bibliográficos
Autor principal: Gahér, František, 1957-
Outros Autores: Kusenda, Boris (Illustrator)
Formato: Livro
Idioma:eslovaco
Publicado em: Bratislava Iris c2003
Edição:3. dopl. vyd.
Assuntos:
Acesso em linha:View in OPAC
Tags: Adicionar Tag
Sem tags, seja o primeiro a adicionar uma tag!

MARC

LEADER 00000nam a2200000 a 4500
005 20260127134204.0
008 171201s2003 xo a 0 00 slo c
015 |a SNBA2004/04-02845 
020 |a 8089018548  |q (viaz.) 
035 |a vtls001467172 
035 |a SNK000422477 
039 9 |a 201712011223  |b VLOAD  |c 201204231215  |d msvkbb04  |c 201007081446  |d msavuk22  |y 201007061348  |z msavuk22 
040 |a SNK  |b slo  |c SNK  |d SVKBB  |e AACR2 
044 |a xo  |c SK 
072 7 |a 16  |x Logika  |2 konspekt 
080 |a 16  |2 2001 
080 |a (0.062)  |2 2001 
100 1 |a Gahér, František,  |d 1957-  |9 741 
245 1 |a Logika pre každého  |c František Gahér ; [ilustrácie: Boris Kusenda] 
250 |a 3. dopl. vyd. 
260 |a Bratislava  |b Iris  |c c2003 
300 |a 430 s.  |b ilustr.  |c 21 cm  |e 1 list Prehľad logických zákonov a pravidiel 33,5 x 19,5 cm 
500 |a Zoz. zákl. logických konštánt 
504 |a Bibliogr. s. 428-430. Men. a vec. reg. 
650 0 7 |a logika  |2 SNKPH 
650 0 7 |a Logic  |2 SNKPHeng 
655 7 |a populárno-náučné publikácie  |2 SNKPH 
655 7 |a Popular works  |2 SNKPHeng 
700 1 |a Kusenda, Boris  |4 ill  |9 1061 
910 |a totk 
910 |a savuk 
910 |a svkbb 
919 |a 80-89018-54-8 
999 |c 6197  |d 6197